Still more tell me why : (Record no. 133037)
[ view plain ]
| 000 -LEADER | |
|---|---|
| fixed length control field | 00777nam a22002297a 4500 |
| 005 - DATE AND TIME OF LATEST TRANSACTION | |
| control field | 20170124110203.0 |
| 010 ## - LIBRARY OF CONGRESS CONTROL NUMBER | |
| LC control number | B-182464 |
| 020 ## - INTERNATIONAL STANDARD BOOK NUMBER | |
| Terms of availability | 00.00 |
| International Standard Book Number | 0600724530 |
| 035 ## - SYSTEM CONTROL NUMBER | |
| System control number | B-182464 |
| 037 ## - SOURCE OF ACQUISITION | |
| Source of stock number/acquisition | Cen Lib/Ret |
| 040 ## - CATALOGING SOURCE | |
| Original cataloging agency | DPL |
| Language of cataloging | EN |
| 082 ## - DEWEY DECIMAL CLASSIFICATION NUMBER | |
| Classification number | 001 |
| Item number | LEO |
| 100 ## - MAIN ENTRY--PERSONAL NAME | |
| Personal name | Leokum, Arkady |
| 9 (RLIN) | 91021 |
| 245 ## - TITLE STATEMENT | |
| Title | Still more tell me why : |
| Statement of responsibility, etc | by Arkady Leokum |
| Remainder of title | answers to hundreds of questions children ask / |
| 260 ## - PUBLICATION, DISTRIBUTION, ETC. (IMPRINT) | |
| Place of publication, distribution, etc | England |
| Name of publisher, distributor, etc | Hamlyn Publishing |
| Date of publication, distribution, etc | 1986 |
| 270 ## - ADDRESS | |
| City | England |
| Address | Bridge House, London Road, Twickenham, Middlesex |
| 300 ## - PHYSICAL DESCRIPTION | |
| Extent | 399p. : |
| Dimensions | 23cm(Hb) |
| Other physical details | ill. |
| 500 ## - GENERAL NOTE | |
| General note | Includes index |
| 650 ## - SUBJECT ADDED ENTRY--TOPICAL TERM | |
| Topical term or geographic name as entry element | Children's questions and answers -- Juvenile literature |
| 9 (RLIN) | 36618 |
| 650 ## - SUBJECT ADDED ENTRY--TOPICAL TERM | |
| Topical term or geographic name as entry element | Children's questions and answers |
| 9 (RLIN) | 91022 |
| 942 ## - ADDED ENTRY ELEMENTS (KOHA) | |
| Source of classification or shelving scheme | Dewey Decimal Classification |
| Koha item type | English Books |
| Classification part | 001 |
| Call number suffix | LEO |
| Withdrawn status | Lost status | Damaged status | Not for loan | Home library | Current library | Date acquired | Source of acquisition | Cost, normal purchase price | Total Checkouts | Full call number | Barcode | Date last seen | Copy number | Cost, replacement price | Price effective from | Koha item type | Source of classification or shelving scheme | Collection code | Date checked out |
|---|---|---|---|---|---|---|---|---|---|---|---|---|---|---|---|---|---|---|---|
| Central Library | Central Library | 24/07/2015 | Cen Lib/Ret | 27.80 | 001 LEO | B-182464 | 24/07/2015 | 1 | 27.80 | 24/07/2015 | English Books | ||||||||
| Sarojini Nagar | Sarojini Nagar | 02/05/2019 | 1 | 001 LEO | A-859164 | 13/09/2022 | 02/05/2019 | English Books | Dewey Decimal Classification | Non-fiction | 13/09/2022 |
